Argentine agriculture: trends in production and world competition. (Record no. 12562)
[ view plain ]
| 000 -LEADER | |
|---|---|
| fixed length control field | 01071cam a2200289 4500 |
| 001 - CONTROL NUMBER | |
| control field | agr68000268 |
| 003 - CONTROL NUMBER IDENTIFIER | |
| control field | DLC |
| 005 - DATE AND TIME OF LATEST TRANSACTION | |
| control field | 20260227111031.0 |
| 008 - FIXED-LENGTH DATA ELEMENTS--GENERAL INFORMATION | |
| fixed length control field | 690513s1968 dcub b 000 0 eng c |
| 010 ## - LIBRARY OF CONGRESS CONTROL NUMBER | |
| LC control number | agr68000268 |
| 040 ## - CATALOGING SOURCE | |
| Original cataloging agency | U.S. Nat'l Agr. Libr. |
| Transcribing agency | DLC |
| Modifying agency | DLC |
| 050 00 - LIBRARY OF CONGRESS CALL NUMBER | |
| Classification number | HD1862 |
| Item number | .S58 |
| 070 0# - NATIONAL AGRICULTURAL LIBRARY CALL NUMBER | |
| Classification number | A281.9 Ag83 no.216 |
| 082 00 - DEWEY DECIMAL CLASSIFICATION NUMBER | |
| Classification number | 338.1/0982 |
| 100 1# - MAIN ENTRY--PERSONAL NAME | |
| Personal name | Smith, John Newton. |
| 245 10 - TITLE STATEMENT | |
| Title | Argentine agriculture: trends in production and world competition. |
| 260 ## - PUBLICATION, DISTRIBUTION, ETC. | |
| Place of publication, distribution, etc. | [Washington] |
| Name of publisher, distributor, etc. | Economic Research Service, U.S. Dept. of Agriculture |
| Date of publication, distribution, etc. | [1968] |
| 300 ## - PHYSICAL DESCRIPTION | |
| Extent | vi, 178 p. |
| Other physical details | map. |
| Dimensions | 26 cm. |
| 490 1# - SERIES STATEMENT | |
| Series statement | [United States. Dept. of Agriculture. Economic Research Service] ERS-foreign |
| Volume/sequential designation | 216 |
| 500 ## - GENERAL NOTE | |
| General note | Cover title. |
| 504 ## - BIBLIOGRAPHY, ETC. NOTE | |
| Bibliography, etc. note | Bibliography: p. 85-89. |
| 650 #0 - SUBJECT ADDED ENTRY--TOPICAL TERM | |
| Topical term or geographic name entry element | Agriculture |
| General subdivision | Economic aspects |
| Geographic subdivision | Argentina. |
| 650 #0 - SUBJECT ADDED ENTRY--TOPICAL TERM | |
| Topical term or geographic name entry element | Produce trade |
| Geographic subdivision | Argentina. |
| 650 #3 - SUBJECT ADDED ENTRY--TOPICAL TERM | |
| Topical term or geographic name entry element | Agriculture |
| General subdivision | Economic aspects |
| Geographic subdivision | Argentina. |
| 650 #3 - SUBJECT ADDED ENTRY--TOPICAL TERM | |
| Topical term or geographic name entry element | Produce trade |
| Geographic subdivision | Argentina. |
| 810 10 - SERIES ADDED ENTRY--CORPORATE NAME | |
| Corporate name or jurisdiction name as entry element | [United States. |
| Subordinate unit | Department of Agriculture. |
| -- | Economic Research Service] |
| Title of a work | ERS-foreign |
| Volume/sequential designation | 216. |
No items available.